Without Sporcle: History Quiz Stats

 Plays Quiz Updated Aug 19, 2019

Score 0/45 Timer 08:00
4 Plays Today
Hint Answer % Correct
US PresidentsThomas Jefferson
98.5%
US PresidentsJohn F Kennedy
98.6%
US PresidentsAbraham Lincoln
98.3%
PaintersVincent Van Gogh
97.4%
Military Ranks (US)Admiral
97.3%
England Monarch NamesElizabeth
96.9%
Military Ranks (US)Captain
96%
Military Ranks (US)Lieutenant
95.6%
England Monarch NamesVictoria
95.6%
World War II CountriesUnited States
95%
World War II CountriesGermany
95%
World LeadersAdolf Hitler
95%
US PresidentsRonald Reagan
95%
England Monarch NamesGeorge
94.8%
US PresidentsBill Clinton
94.8%
PaintersLeonardo da Vinci
94.7%
World War II CountriesFrance
94.3%
Military Ranks (US)General
94.2%
Faces on TIME (2000s)Tiger Woods
94.1%
World War II CountriesSoviet Union
94.1%
England Monarch NamesEdward
94%
Roman EmperorsAugustus
94%
World War II CountriesYugoslavia
93.9%
Hint Answer % Correct
World LeadersNelson Mandela
93.1%
Faces on TIME (2000s)Bill Gates
91.7%
Faces on TIME (2000s)Dalai Lama
91.6%
Military Ranks (US)Private
90.7%
Faces on TIME (2000s)Saddam Hussein
90.3%
Art MovementsGothic
89.6%
PaintersSalvador Dalí
87%
Roman EmperorsHadrian
83.2%
Roman EmperorsTiberius
81.2%
Faces on TIME (2000s)Mother Teresa
80.9%
Art MovementsCubism
80.7%
Art MovementsArt Nouveau
78.5%
PaintersFrida Kahlo
78%
Art MovementsBaroque
78%
PaintersEdvard Munch
77.9%
Art MovementsSymbolism
75.1%
England Monarch NamesRichard
71.9%
Roman EmperorsCaligula
67.7%
World LeadersRobert Mugabe
61.2%
World LeadersBenazir Bhutto
56.8%
Roman EmperorsDiocletian
37.6%
World LeadersDilma Rousseff
26.9%

You're not logged in!

Compare scores with friends on all Sporcle quizzes.
OR
Log In

Sporcle TV

Today on Sporcle TV


Watch our educational content, quiz creation guides, and fun videos on Sporcle TV.

Show Comments

Extras

Top Quizzes Today


Score Distribution

Your Account Isn't Verified!

In order to create a playlist on Sporcle, you need to verify the email address you used during registration. Go to your Sporcle Settings to finish the process.

Report this User

Report this user for behavior that violates our Community Guidelines.

Details: